| 000 | 00000nam 2200000zi 4500 |
| 001 | 9.946345 |
| 003 | CaOODSP |
| 005 | 20250120152126 |
| 006 | m o d f |
| 007 | cr ||||||||||| |
| 008 | 241219t20252025oncda obs f00| 0 fre d |
| 020 | |a9780660750224 |
| 040 | |aCaOODSP|bfre|erda|cCaOODSP |
| 043 | |an-cn--- |
| 086 | 1 |aHP40-377/2025F-PDF |
| 245 | 00|aEstimations de l'hépatite virale chez les populations clés, Canada, 2021. |
| 264 | 1|a[Ottawa] : |bAgence de la santé publique du Canada = Public Health Agency of Canada, |c2025. |
| 264 | 4|c©2025 |
| 300 | |a1 ressource en ligne (1 page) : |bgraphiques, illustrations |
| 336 | |atexte|btxt|2rdacontent/fre |
| 337 | |ainformatique|bc|2rdamedia/fre |
| 338 | |aressource en ligne|bcr|2rdacarrier/fre |
| 500 | |aPublié aussi en anglais sous le titre : Viral hepatitis estimates among key populations, Canada, 2021. |
| 504 | |aComprend des références bibliographiques. |
| 650 | 6|aHépatite virale|zCanada|vStatistiques. |
| 655 | 7|aInfographies|2rvmgf |
| 655 | 7|aStatistiques|2rvmgf |
| 710 | 2 |aAgence de santé publique du Canada, |eorganisme de publication. |
| 775 | 08|tViral hepatitis estimates among key populations, Canada, 2021. |w(CaOODSP)9.946344 |
| 856 | 40|qPDF|s161 Ko|uhttps://publications.gc.ca/collections/collection_2025/aspc-phac/HP40-377-2025-fra.pdf |
| 856 | 4 |qHTML|sS.O.|uhttps://www.canada.ca/fr/sante-publique/services/publications/maladies-et-affections/estimations-hepatite-virale-populations-cles-2021.html |